Virginia State Parks - Statistics

General Stats
  • This quiz has been taken 2 times
  • The average score is 19 of 42
Answer Stats
Answer % Correct
Lake Anna State Park
100%
Bear Creek Lake State Park
50%
Belle Isle State Park
50%
Breaks Interstate Park (Shared with Kentucky)
50%
Caledon State Park
50%
Clinch River State Park
50%
Culpeper Battlefields State Park
50%
Douthat State Park
50%
False Cape State Park
50%
First Landing State Park
50%
Grayson Highlands State Park
50%
High Bridge Trail State Park
50%
Holliday Lake State Park
50%
Hungry Mother State Park
50%
Kiptopeke State Park
50%
Leesylvania State Park
50%
Machicomoco State Park
50%
Mason Neck State Park
50%
Natural Bridge State Park
50%
Natural Tunnel State Park
50%
New River Trail State Park
50%
Occoneechee State Park
50%
Pocahontas State Park
50%
Powhatan State Park
50%
Sailor's Creek Battlefield Historic State Park
50%
Seven Bends State Park
50%
Shenandoah River State Park
50%
Shot Tower State Park
50%
Smith Mountain Lake State Park
50%
Staunton River Battlefield State Park
50%
Staunton River State Park
50%
Sweet Run State Park
50%
Twin Lakes State Park
50%
Westmoreland State Park
50%
Widewater State Park
50%
Wilderness Road State Park
50%
York River State Park
50%
Clayton Lake State Park
0%
Fairy Stone State Park
0%
Hayfields State Park
0%
James River State Park
0%
Sky Meadows State Park
0%
No matching quizzes found
Score Distribution
Percent of People with Each Score
Percentile by Number Answered
Your Score History
You have not taken this quiz